Where Does It Grow? Click Quiz #2 - Statistics

General Stats
  • This quiz has been taken 29,184 times
  • The average score is 17 of 26
Answer Stats
Hint Answer % Correct
Orange
91%
Pear
91%
Peach
90%
Mango
88%
Plum
86%
Apricot
86%
Fig
80%
Cauliflower
79%
Cabbage
79%
Kale
75%
Spinach
75%
Radish
75%
Turnip
75%
Mangetout (snap peas)
70%
Yam
65%
Parsnip
62%
Chives
60%
Shallot
60%
Honeydew melon
57%
Cantaloupe
54%
Squash
45%
Turmeric
43%
Black pepper
42%
Bay leaf
40%
Hops
40%
Passion fruit
22%
No matching quizzes found
Score Distribution
Percent of People with Each Score
Percentile by Number Answered
Your Score History
You have not taken this quiz